Nazioni dell'isola che sono più disperse - Statistics

Statistiche generali
  • Questo quiz è stato fatto 88 volte
  • Il punteggio medio è 9 su 13
Statistiche sulle risposte
% nazione % Corretto
63,4 Micronesia
75%
8,6 Kiribati
74%
36,4 Tuvalu
73%
53,3 Indonesia
68%
17,7 Isole Marshall
68%
4,1 Maldive
68%
49,2 Vanuatu
68%
33,3 Isole Salomone
64%
48,2 Tonga
63%
43,9 Cabo Verde
61%
43,3 Seychelles
61%
60,6 Filippine
58%
36,2 Bahamas
54%
Nessun quiz corrispondente trovato
Distribuzione punteggi
Percentuale di utenti per punteggio
Percentile per numero di risposta
I tuoi punteggi nel tempo
Non hai fatto questo quiz